000 00356 a2200169 4500
001 186732
020 _a85-16-03490-9
040 _cMagnum
100 _aMeireles, Cecíla
240 1 0 _aJanela mágica
_lpor
245 1 0 _aJanela mágica
300 _a72
362 0 _a2003
440 1 _aModerna
697 _aLITERATURA INFANTO-JUVENIL
942 _cBK
999 _c186732
_d186732